000 00767nam a22002177a 4500
005 20251020093449.0
008 251020b ||||| |||| 00| 0 eng d
020 _a9781449337933
040 _aCO-BoUCM
_cDavid Moreno
_dDavid Moreno
041 _aeng
100 1 _aSylvester, Tynan
_9187008
245 1 0 _aDesigning games
_ba guide to engineering experiences
_cTynan Sylvester
250 _a1a.Ed
260 _aSebastopol, California
_bO'Reilly
_c2013
300 _av, 405 Paginas
_bilustraciones
504 _aIncluye referencias bibliográficas e índices
650 1 4 _aVideojuegos
_xDiseño
_9174263
650 1 4 _aVideojuegos
_xAspectos psicológicos
_9187009
942 _2DEWEY
_a17
_cLIBRO
_e1
_h794.81536
_mS985d
_n0
999 _c325788
_d325788